000 00811nas a2200253 4500
001 BR7900664
003 BR-BrBNA
005 20231205083626.0
007 ta
008 230509b bl.|||p| |||| 00| 00por d
040 _aBR-BrBNA
_bpor
_cBiblioteca Nacional de Agricultura
041 _a(Pt)
072 _aH10
100 1 _aGoncalves, H.M.
100 1 _aSilva, R.F.P. da
111 1 _a4. Congresso Brasileiro de Entomologia
_cGoiania, GO (Brazil)
_d6 Feb 1977
245 1 _aAvaliacao de resistencia de soja Glycine max (L.)Merr. a insetos mastigadores
650 _aSOJA
650 _aINSETO
650 _aVARIEDADE RESISTENTE
773 0 _tAgronomia Sulriograndense (Brazil)
_xISSN 0400-8111
_g(1978), v. 14(1) p. 69-75
_wBR7900664
909 _a202311
_bLúcia
_c55
_dLúcia Elande
942 _2AGRIS
_n0
_cANA
999 _c100145
_d100145